Jääkiekon SM-Liiga - Joukkueiden perustamisvuodet - Statistics

Yleistilastot
  • Tätä visaa on pelattu 134 kertaa
    72 viimeisimmän päivityksen jälkeen
  • Keskiarvotulos 6 / 16
Vastaustilastot
Joukkue Kaupunki Perustettu % Oikein
HIFK Helsinki 1897
63%
Ilves Tampere 1931
53%
TPS Turku 1922
49%
KalPa Sortavala / Kuopio 1929
43%
HPK Hämeenlinna 1929
43%
JYP Jyväskylä 1923
39%
Kärpät Oulu 1946
39%
Tappara Tampere 1932
35%
Lukko Rauma 1936
35%
SaiPa Lauritsala / Lappeenranta 1948
33%
KooKoo Kouvola 1965
27%
Ässät Pori 1967
27%
Sport Vaasa 1939
24%
Jukurit Mikkeli 1970
22%
Pelicans Viipuri / Lahti 1891
12%
K-Espoo Espoo 1984
10%
Ehtoja vastaavia visoja ei löytynyt
Tulosjakauma
Jokaisen tuloksen saaneiden osuus
Persentiili vastausten määrän mukaan
Tuloshistoriasi
Et ole pelannut tätä visaa sen viimeisimmän päivityksen jälkeen